Návrh sieťovej infraštruktúry vhodnej pre začínajúcu firmu

Uložené v:
Podrobná bibliografia
Hlavný autor: Kožík, Matej (Autor)
Ďalší autori: Orgoň, Miloš (Vedúci práce)
Médium: Rukopis Kniha
Jazyk:Slovak
Vydavateľské údaje: 2018
Predmet:
On-line prístup:http://is.stuba.sk/zp/portal_zp.pl?podrobnosti=137456
Tagy: Pridať tag
Žiadne tagy, Buďte prvý, kto otaguje tento záznam!

MARC

LEADER 00000ntm a22000003a 4500
001 stuzp66995
003 SK-STU
005 20181029104620.7
007 ta
008 150427s2015----xo-----f-mn---000-0-slo-d
040 |a STU  |b slo 
041 0 |a slo 
044 |a xo 
100 1 |a Kožík, Matej  |u 037000  |4 aut  |U FEI Fakulta elektrotechniky a informatiky  |T FEI Ústav multimediálnych informačných a komunikačných technológií  |X 73072  |U E070  |Y 818  |7 73072 
242 0 1 |a Design of a Network Infrastructure Suitable for a Start-up Company  |y eng 
245 1 0 |a Návrh sieťovej infraštruktúry vhodnej pre začínajúcu firmu 
260 |c 2018 
300 |a 111 s., príl. 
650 4 |a Transfer speed  |2 eng 
650 4 |a Cisco  |2 eng 
650 4 |a VLAN  |2 eng 
650 4 |a Packet Tracer  |2 eng 
650 4 |a Network design  |2 eng 
650 4 |a Prenosová rýchlosť  |2 slo 
650 4 |a Cisco  |2 slo 
650 4 |a VLAN  |2 slo 
650 4 |a Packet Tracer  |2 slo 
650 4 |a Návrh siete  |2 slo 
700 1 |a Orgoň, Miloš  |u 037000  |k Z1  |4 ths  |U FEI Fakulta elektrotechniky a informatiky  |T FEI Ústav multimediálnych informačných a komunikačných technológií  |X 2184  |U E070  |Y 818  |7 A000002184 
856 4 |u http://is.stuba.sk/zp/portal_zp.pl?podrobnosti=137456 
996 |b 284EP11915  |c E*DIPL- 11915  |l EE37  |s P  |a 0  |w stuzp66995_0001